10 Biggest Cities by U.S. State (With Some Help) - Statistics

General Stats
  • This quiz has been taken 151 times
  • The average score is 189 of 390
Answers on the Map
Answers color-coded by a green-red scale on the quiz's map according to % correct below.
 
Answer Stats
State Population U.S. City % Correct
California 3,822,238 Los Angeles
94%
New York 8,335,897 New York City
94%
Texas 2,302,878 Houston
93%
Texas 1,299,544 Dallas
92%
California 808,437 San Francisco
92%
Washington 749,256 Seattle
92%
Nevada 656,274 Las Vegas
91%
Florida 449,514 Miami
91%
Texas 1,472,909 San Antonio
91%
Arizona 1,644,409 Phoenix
90%
California 1,381,162 San Diego
90%
Illinois 2,665,039 Chicago
89%
Mississippi 145,995 Jackson
89%
Tennessee 68,380 Jackson
89%
Oregon 635,067 Portland
89%
New Mexico 561,008 Albuquerque
88%
Georgia 499,127 Atlanta
88%
Texas 974,447 Austin
88%
Colorado 713,252 Denver
88%
Minnesota 425,096 Minneapolis
88%
Louisiana 369,749 New Orleans
88%
California 528,001 Sacramento
88%
Massachusetts 650,706 Boston
86%
Indiana 880,621 Indianapolis
86%
Kansas 153,345 Kansas City
86%
Missouri 509,297 Kansas City
86%
Oklahoma 694,800 Oklahoma City
86%
Idaho 236,634 Boise
85%
Pennsylvania 1,567,258 Philadelphia
85%
California 971,233 San Jose
85%
Georgia 202,616 Columbus
84%
Nebraska 24,195 Columbus
84%
Ohio 907,971 Columbus
84%
Texas 677,456 El Paso
84%
Florida 971,319 Jacksonville
84%
Tennessee 683,622 Nashville
84%
Utah 204,657 Salt Lake City
84%
Missouri 286,578 St. Louis
84%
Minnesota 303,176 St. Paul
84%
Maryland 569,931 Baltimore
83%
Louisiana 221,453 Baton Rouge
83%
Texas 956,709 Fort Worth
83%
Tennessee 621,056 Memphis
83%
Nebraska 485,153 Omaha
83%
Florida 316,081 Orlando
83%
New York 276,486 Buffalo
82%
Michigan 620,376 Detroit
82%
California 545,567 Fresno
82%
Wisconsin 563,305 Milwaukee
82%
Pennsylvania 302,898 Pittsburgh
82%
Illinois 113,273 Springfield
82%
Massachusetts 154,064 Springfield
82%
Missouri 170,067 Springfield
82%
Oregon 61,400 Springfield
82%
Florida 398,173 Tampa
82%
Iowa 211,034 Des Moines
81%
Arkansas 202,864 Little Rock
81%
Alabama 59,785 Madison
81%
Mississippi 27,775 Madison
81%
Wisconsin 272,903 Madison
81%
Nevada 273,448 Reno
81%
Florida 201,731 Tallahassee
81%
Ohio 309,513 Cincinnati
80%
Ohio 361,607 Cleveland
80%
Nebraska 292,627 Lincoln
80%
North Carolina 476,587 Raleigh
80%
North Carolina 251,350 Winston-Salem
80%
New York 100,826 Albany
79%
North Carolina 897,720 Charlotte
79%
Colorado 486,248 Colorado Springs
79%
Kentucky 36,129 Richmond
79%
Virginia 229,395 Richmond
79%
Oklahoma 411,867 Tulsa
79%
Alabama 183,289 Mobile
78%
Arizona 546,574 Tucson
78%
Alabama 196,910 Birmingham
77%
California 430,553 Oakland
77%
Oregon 177,487 Salem
77%
South Carolina 153,672 Charleston
76%
West Virginia 47,129 Charleston
76%
Missouri 128,555 Columbia
76%
South Carolina 139,698 Columbia
76%
Connecticut 120,686 Hartford
76%
Minnesota 121,878 Rochester
76%
New York 209,352 Rochester
76%
Texas 316,239 Corpus Christi
75%
Kentucky 624,444 Louisville
75%
Washington 230,160 Spokane
74%
Virginia 455,618 Virginia Beach
74%
Alabama 196,986 Montgomery
73%
New Mexico 89,008 Santa Fe
73%
Kansas 396,192 Wichita
73%
California 344,461 Anaheim
72%
Oregon 177,923 Eugene
72%
Wisconsin 106,095 Green Bay
72%
California 451,307 Long Beach
72%
Tennessee 195,889 Knoxville
71%
Michigan 112,537 Lansing
71%
Ohio 188,509 Akron
70%
Pennsylvania 93,511 Erie
70%
Washington 221,776 Tacoma
70%
Ohio 266,301 Toledo
70%
Texas 394,602 Arlington
69%
Nevada 58,130 Carson City
69%
Georgia 148,004 Savannah
69%
New York 144,451 Syracuse
69%
Kansas 125,449 Topeka
69%
Florida 183,146 Fort Lauderdale
68%
Nevada 331,415 Henderson
68%
Alabama 221,933 Huntsville
68%
Kentucky 320,347 Lexington
68%
New Jersey 305,344 Newark
68%
California 410,647 Bakersfield
67%
Ohio 135,944 Dayton
67%
Minnesota 86,619 Duluth
67%
Utah 113,523 Provo
67%
Florida 261,256 St. Petersburg
67%
Texas 263,930 Lubbock
66%
Michigan 196,908 Grand Rapids
65%
New Jersey 89,661 Trenton
65%
North Carolina 291,928 Durham
64%
New Jersey 286,670 Jersey City
64%
Indiana 71,402 Lafayette
64%
Louisiana 121,389 Lafayette
64%
Louisiana 44,004 Alexandria
63%
Virginia 155,525 Alexandria
63%
Colorado 393,537 Aurora
63%
Illinois 177,866 Aurora
63%
Arkansas 99,285 Fayetteville
63%
North Carolina 208,873 Fayetteville
63%
Louisiana 180,153 Shreveport
63%
Maryland 40,648 Annapolis
62%
Tennessee 184,086 Chattanooga
62%
Indiana 267,927 Fort Wayne
62%
Connecticut 138,915 New Haven
62%
Nebraska 25,928 Norfolk
62%
Virginia 232,995 Norfolk
62%
Georgia 128,561 Athens
60%
Georgia 202,096 Augusta
60%
Arizona 252,136 Glendale
59%
Arizona 512,498 Mesa
59%
Michigan 119,875 Ann Arbor
58%
North Carolina 301,115 Greensboro
58%
Pennsylvania 50,183 Harrisburg
58%
Georgia 156,197 Macon
58%
Nevada 280,543 North Las Vegas
58%
Alabama 110,602 Tuscaloosa
58%
New York 208,121 Yonkers
58%
Iowa 75,233 Iowa City
57%
New Mexico 113,888 Las Cruces
57%
Pennsylvania 75,848 Scranton
57%
Connecticut 148,377 Bridgeport
56%
Arizona 243,050 Scottsdale
56%
Indiana 103,110 South Bend
56%
North Carolina 120,324 Wilmington
56%
Oregon 103,254 Bend
55%
Idaho 67,723 Idaho Falls
55%
Utah 86,825 Ogden
55%
Utah 102,519 St. George
55%
Washington 194,512 Vancouver
55%
Massachusetts 205,319 Worcester
54%
Arizona 197,866 Peoria
53%
Illinois 111,021 Peoria
53%
Pennsylvania 125,094 Allentown
52%
Iowa 136,429 Cedar Rapids
51%
Wisconsin 69,737 Eau Claire
51%
Colorado 169,249 Fort Collins
51%
Alabama 80,006 Auburn
50%
Indiana 79,107 Bloomington
50%
Minnesota 87,797 Bloomington
50%
Kentucky 74,926 Bowling Green
50%
Massachusetts 118,488 Cambridge
50%
Virginia 252,488 Chesapeake
50%
Idaho 56,733 Coeur d'Alene
50%
New Jersey 134,283 Elizabeth
50%
Mississippi 28,017 Greenville
50%
South Carolina 72,310 Greenville
50%
Illinois 149,936 Naperville
50%
Oklahoma 129,627 Norman
50%
Colorado 111,456 Pueblo
50%
Virginia 97,847 Roanoke
50%
Illinois 146,713 Rockford
50%
Iowa 85,497 Sioux City
50%
Arizona 185,950 Tempe
50%
Florida 216,992 Cape Coral
49%
Kansas 53,829 Manhattan
49%
Virginia 184,306 Newport News
49%
Mississippi 49,118 Biloxi
48%
Arizona 280,711 Chandler
48%
Iowa 100,486 Davenport
48%
Wisconsin 98,484 Kenosha
48%
Kansas 197,726 Overland Park
48%
Connecticut 136,188 Stamford
48%
Indiana 115,749 Evansville
47%
Illinois 150,033 Joliet
47%
Kansas 95,794 Lawrence
47%
Florida 231,790 Port St. Lucie
47%
Georgia 92,950 Roswell
47%
New Mexico 47,390 Roswell
47%
Nebraska 63,015 Bellevue
46%
Washington 152,767 Bellevue
46%
Arizona 275,346 Gilbert
46%
Texas 289,547 Plano
46%
Idaho 110,951 Nampa
45%
Idaho 129,736 Meridian
44%
Mississippi 33,816 Meridian
44%
Tennessee 176,974 Clarksville
43%
Arkansas 89,992 Fort Smith
43%
Tennessee 162,398 Murfreesboro
43%
Arkansas 57,868 Bentonville
42%
Illinois 89,241 Champaign
42%
Florida 220,292 Hialeah
42%
West Virginia 45,746 Huntington
42%
Utah 136,650 West Valley City
42%
Oklahoma 117,911 Broken Arrow
41%
Mississippi 72,236 Gulfport
41%
Louisiana 79,113 Lake Charles
41%
Idaho 57,730 Pocatello
41%
Utah 93,022 Sandy
41%
Nevada 109,226 Sparks
41%
New York 64,081 Utica
41%
Wisconsin 74,511 Appleton
40%
Indiana 101,964 Carmel
40%
Washington 111,337 Everett
40%
Arkansas 79,876 Jonesboro
40%
Iowa 66,950 Ames
39%
Missouri 121,202 Independence
38%
Massachusetts 113,608 Lowell
38%
Louisiana 46,820 Monroe
38%
South Carolina 118,608 North Charleston
38%
Washington 107,325 Spokane Valley
38%
Idaho 54,300 Twin Falls
38%
Utah 116,664 West Jordan
38%
New Jersey 70,996 Camden
37%
New Jersey 156,661 Paterson
37%
Arizona 154,198 Surprise
37%
Michigan 107,710 Dearborn
36%
Nevada 20,756 Elko
36%
Pennsylvania 57,453 Lancaster
36%
Utah 95,910 Orem
36%
Pennsylvania 94,858 Reading
36%
Ohio 69,671 Canton
35%
Alabama 57,922 Decatur
35%
Colorado 156,120 Lakewood
35%
West Virginia 30,277 Morgantown
35%
Kansas 145,616 Olathe
35%
New Mexico 108,082 Rio Rancho
35%
Michigan 137,107 Warren
35%
Oregon 97,053 Beaverton
34%
Washington 134,392 Kent
34%
Arkansas 64,627 North Little Rock
34%
Pennsylvania 44,845 York
34%
North Carolina 180,388 Cary
33%
North Carolina 109,896 Concord
33%
Alabama 71,235 Dothan
33%
Maryland 82,175 Frederick
33%
Tennessee 72,514 Johnson City
33%
Oregon 85,556 Medford
33%
Wisconsin 76,462 Racine
33%
Illinois 113,177 Elgin
32%
Massachusetts 100,682 New Bedford
32%
Minnesota 78,683 Plymouth
32%
Pennsylvania 77,617 Bethlehem
31%
New Mexico 46,127 Farmington
31%
New York 82,288 New Rochelle
31%
Massachusetts 101,727 Quincy
31%
Connecticut 115,016 Waterbury
31%
Illinois 87,976 Waukegan
31%
West Virginia 26,391 Wheeling
31%
Colorado 121,581 Arvada
30%
Oregon 60,956 Corvallis
30%
Tennessee 86,895 Franklin
30%
Virginia 138,037 Hampton
30%
North Carolina 115,067 High Point
30%
Wisconsin 65,948 Oshkosh
30%
Michigan 132,567 Sterling Heights
30%
Oklahoma 96,286 Edmond
29%
Nebraska 52,513 Grand Island
29%
Colorado 109,209 Greeley
29%
Oklahoma 63,223 Moore
29%
Georgia 107,763 Sandy Springs
29%
Michigan 87,201 Troy
29%
Connecticut 86,967 Danbury
28%
Arkansas 87,672 Springdale
28%
Oklahoma 49,160 Stillwater
28%
Missouri 70,656 St. Joseph
28%
Minnesota 83,324 Brooklyn Park
27%
Iowa 62,405 Council Bluffs
27%
Oregon 111,621 Gresham
27%
Indiana 76,575 Hammond
27%
Alabama 92,435 Hoover
27%
Oklahoma 91,542 Lawton
27%
Massachusetts 100,891 Lynn
27%
Kentucky 60,037 Owensboro
27%
Arkansas 39,495 Pine Bluff
27%
Iowa 70,741 West Des Moines
27%
Connecticut 61,330 Bristol
26%
Virginia 97,029 Portsmouth
26%
Washington 104,047 Renton
26%
Colorado 143,282 Thornton
26%
Wisconsin 70,454 Waukesha
26%
Maryland 34,190 College Park
25%
Oklahoma 50,499 Enid
25%
Massachusetts 93,682 Fall River
25%
Washington 97,863 Federal Way
25%
Indiana 101,966 Fishers
25%
Maryland 43,701 Hagerstown
25%
Mississippi 48,455 Hattiesburg
25%
Oregon 107,299 Hillsboro
25%
Mississippi 37,748 Tupelo
25%
Missouri 103,465 Lee's Summit
24%
South Carolina 75,349 Rock Hill
24%
Kansas 46,231 Salina
24%
Mississippi 56,360 Southaven
24%
Virginia 98,537 Suffolk
24%
Colorado 114,533 Westminster
24%
Kentucky 32,618 Florence
23%
Maryland 68,952 Gaithersburg
23%
Nebraska 34,277 Kearney
23%
Arkansas 72,999 Rogers
23%
Idaho 65,920 Caldwell
22%
New Mexico 31,612 Carlsbad
22%
Kentucky 40,956 Covington
22%
Nevada 21,992 Mesquite
22%
New York 68,809 Schenectady
22%
Utah 83,513 South Jordan
22%
Massachusetts 104,826 Brockton
21%
Wisconsin 65,911 Janesville
21%
Utah 84,373 Lehi
21%
Missouri 71,184 St. Charles
21%
Arkansas 67,617 Conway
20%
Ohio 62,937 Hamilton
20%
Louisiana 31,775 Houma
20%
Louisiana 64,007 Kenner
20%
Michigan 93,779 Livonia
20%
Ohio 65,365 Lorain
20%
South Carolina 94,545 Mount Pleasant
20%
Maryland 33,209 Salisbury
20%
Georgia 111,158 South Fulton
20%
South Carolina 42,757 Sumter
20%
Iowa 66,562 Waterloo
20%
Nevada 14,890 Boulder City
19%
New Mexico 37,902 Clovis
19%
Nebraska 27,318 Fremont
19%
Kentucky 38,780 Georgetown
19%
Connecticut 91,401 Norwalk
19%
Idaho 40,462 Rexburg
19%
Louisiana 62,635 Bossier City
18%
Georgia 82,453 Johns Creek
18%
West Virginia 29,193 Parkersburg
18%
Ohio 79,358 Parma
18%
Maryland 66,924 Rockville
18%
Tennessee 62,896 Hendersonville
17%
Missouri 93,663 O'Fallon
17%
Idaho 44,194 Post Falls
17%
South Carolina 51,617 Summerville
17%
New Mexico 31,309 Alamogordo
16%
Minnesota 71,739 Blaine
15%
Kentucky 31,892 Elizabethtown
15%
New York 71,714 Mount Vernon
15%
Connecticut 74,396 New Britain
15%
Iowa 72,222 Ankeny
14%
Minnesota 78,561 Woodbury
14%
New Jersey 69,527 Bayonne
13%
West Virginia 16,749 Beckley
13%
Maryland 57,192 Bowie
13%
Minnesota 74,553 Lakeville
13%
Kansas 58,617 Lenexa
13%
Oklahoma 57,950 Midwest City
13%
Indiana 72,748 Noblesville
13%
New Jersey 88,709 Clifton
12%
Nebraska 24,927 Hastings
12%
New Mexico 39,648 Hobbs
12%
West Virginia 18,953 Martinsburg
12%
New Jersey 69,128 Passaic
12%
Kansas 69,198 Shawnee
12%
West Virginia 15,647 Clarksburg
11%
Connecticut 60,242 Meriden
10%
Mississippi 47,086 Olive Branch
10%
West Virginia 18,481 Weirton
10%
Michigan 84,037 Westland
10%
Missouri 59,518 Blue Springs
9%
Nebraska 23,794 Papillion
9%
Nevada 24,261 Fernley
8%
South Carolina 42,090 Greer
8%
Maryland 29,352 Laurel
8%
West Virginia 18,242 Fairmont
7%
New Jersey 68,446 East Orange
6%
South Carolina 47,618 Goose Creek
6%
Kentucky 31,955 Nicholasville
5%
No matching quizzes found
Score Distribution
Percent of People with Each Score
Percentile by Number Answered
Your Score History
You have not taken this quiz